Communication skills: (Record no. 60117)

MARC details
000 -LEADER
fixed length control field 00449nam a2200157 4500
005 - DATE AND TIME OF LATEST TRANSACTION
control field 20260203124507.0
008 - FIXED-LENGTH DATA ELEMENTS--GENERAL INFORMATION
fixed length control field 260203b |||||||| |||| 00| 0 eng d
020 ## - INTERNATIONAL STANDARD BOOK NUMBER
International Standard Book Number 9789966047380
050 ## - LIBRARY OF CONGRESS CALL NUMBER
Classification number HF5718
Item number .K85 2021
100 ## - MAIN ENTRY--PERSONAL NAME
Personal name Kukubo, Peter Kibelesi
245 ## - TITLE STATEMENT
Title Communication skills:
Remainder of title study text
260 ## - PUBLICATION, DISTRIBUTION, ETC. (IMPRINT)
Place of publication, distribution, etc Nairobi, Kenya
Name of publisher, distributor, etc Strathmore University Press
Date of publication, distribution, etc 2021
300 ## - PHYSICAL DESCRIPTION
Extent 198 p.:
Dimensions 28 cm.
650 ## - SUBJECT ADDED ENTRY--TOPICAL TERM
Source of heading or term Communication Skills
942 ## - ADDED ENTRY ELEMENTS (KOHA)
Source of classification or shelving scheme Library of Congress Classification
Item type Book
Holdings
Withdrawn status Lost status Source of classification or shelving scheme Damaged status Not for loan Collection code Home library Current library Shelving location Date acquired Source of acquisition Cost, normal purchase price Total Checkouts Total Renewals Full call number Barcode Checked out Date last seen Date last borrowed Copy number Price effective from Koha item type
    Library of Congress Classification     Non-fiction Bishop Okullu Memorial Library (Limuru Campus) Bishop Okullu Memorial Library (Limuru Campus) General Circulation 03/02/2026 Kaseneb donation 1500.00 2 1 HF5718 .K85 2021 073012 28/04/2026 11/04/2026 11/04/2026 1 03/02/2026 Book